LEADER 01279nam 2200421Ia 450 001 9910795705103321 005 20200520144314.0 010 0 $a0191566462 010 0 $a9780191566462 035 $a(MiAaPQ)EBC7036528 035 $a(CKB)24235066800041 035 $a(MiAaPQ)EBC3054749 035 $a(Au-PeEL)EBL3054749 035 $a(CaPaEBR)ebr10581535 035 $a(CaONFJC)MIL389330 035 $a(OCoLC)801405235 035 $a(EXLCZ)9924235066800041 100 $a20061117d2006 uy 0 101 0 $aeng 135 $aur||||||||||| 200 10$aFamily law and personal life$b[electronic resource] /$fJohn Eekelaar 210 $aOxford ;$aNew York $cOxford University Press$d2006 215 $axii, 195 p 320 $aIncludes bibliographical references (p. [175]-187) and index. 606 $aDomestic relations$xPhilosophy 606 $aDomestic relations$xSocial aspects 606 $aFamilies 615 0$aDomestic relations$xPhilosophy. 615 0$aDomestic relations$xSocial aspects. 615 0$aFamilies. 676 $a346.01/5 700 $aEekelaar$b John$0277339 801 0$bMiAaPQ 801 1$bMiAaPQ 801 2$bMiAaPQ 912 $a9910795705103321 996 $aFamily law and personal life$93773664 997 $aUNINA LEADER 01017nas 2200385 c 450 001 9910893969903321 005 20260218110315.0 035 $a(CKB)5280000000198516 035 $a(DE-599)ZDB2717006-8 035 $a(OCoLC)854712410 035 $a(DE-101)1034892045 035 $a(DE-599)2717006-8 035 $a(EXLCZ)995280000000198516 100 $a20130522a20129999 |y | 101 0 $aeng 135 $aur||||||||||| 181 $ctxt$2rdacontent 182 $cc$2rdamedia 183 $acr$2rdacarrier 200 00$aSoutheast Asian studies$eSEAS$fCenter for Southeast Asian Studies, Kyoto University 210 31$aKyoto$cCSEAS$d2012- 215 $aOnline-Ressource 517 $aSoutheast Asian Studies 517 3 $aSEAS 608 $aZeitschrift$2gnd-content 676 $a900 676 $a910 676 $a940 801 0$b0355 801 1$bDE-101 801 2$b9999 906 $aJOURNAL 912 $a9910893969903321 996 $aSoutheast Asian studies$91982347 997 $aUNINA